The hidden man: (Record no. 14186)

000 -LEADER
fixed length control field 00935nam a2200217 a 4500
001 - CONTROL NUMBER
control field :::00012011$&:&@@
003 - CONTROL NUMBER IDENTIFIER
control field OkBaRHE
005 - DATE AND TIME OF LATEST TRANSACTION
control field 20010110125953.0
008 - FIXED-LENGTH DATA ELEMENTS--GENERAL INFORMATION
fixed length control field s1970 j 000 0 eng u
040 ## - CATALOGING SOURCE
Transcribing agency
100 1# - MAIN ENTRY--PERSONAL NAME
Personal name Kenyon, Essek William, 1857-1948.
245 14 - TITLE STATEMENT
Title The hidden man:
Remainder of title an unveiling of the subconscious mind.
260 ## - PUBLICATION, DISTRIBUTION, ETC. (IMPRINT)
Place of publication, distribution, etc Lynnwood, WA., :
Name of publisher, distributor, etc Kenyon's Gospel Publishing Society
Date of publication, distribution, etc c1970
300 ## - PHYSICAL DESCRIPTION
Extent 223 p. ;
Dimensions 20 cm.
650 ## - SUBJECT ADDED ENTRY--TOPICAL TERM
Topical term or geographic name as entry element Christian Life
942 ## - ADDED ENTRY ELEMENTS (KOHA)
Source of classification or shelving scheme
Koha item type Books
Copies
Date acquired Copy number Not for loan Damaged status Source of classification or shelving scheme Date last seen Koha item type Shelving location Lost status Full call number Current Location Withdrawn status Total Checkouts Barcode Price effective from Permanent Location Date checked out
2010-04-141   2010-04-14BooksGeneral Stacks BX 8764 .Z6K4H5   120112010-04-14RHEMA Bible Training College 
2010-04-143   2010-04-14BooksGeneral Stacks BX 8764 .Z6K4H5   149162010-04-14RHEMA Bible Training College 
2010-04-144   2010-04-14BooksGeneral Stacks BX 8764 .Z6 K4 H5   188372010-04-14RHEMA Bible Training College 
2010-04-142   2020-02-21BooksGeneral Stacks BX 8764 .Z6K4H5RHEMA Bible Training College 2149152010-04-14RHEMA Bible Training College2020-02-07